Statistics for Name the players of the u-20 Japan team

Click here to take the quiz!

General Stats

  • This quiz has been taken 55 times
  • The average score is 10 of 14

Answer Stats

HintAnswer% Correct
u-20 japan left centre back/
captain
Oliver Aiku
97%
u-20 japan centre attacking mid/
boy genuis
Sae Itoshi
93%
u-20 japan substitute striker/
chosen by Sae Itoshi from BL
Ryusei Shidou
87%
u-20 japan ace/ centre forwardShuto Sendo
87%
u-20 japan right backNeru Teppei
77%
u-20 japan left backMiroku Darai
73%
u-20 japan right centre midHaru Hayate
70%
u-20 japan goalkeeperGen Fukaku
67%
u-20 japan right centre backKazuma Niou
67%
u-20 japan left wingerKento Chou
67%
President of the Japan Football AssociationHirotoshi Buratsuta
63%
u-20 japan coachHouichi Yasumori
63%
u-20 japan left centre midItsuki Wakastsuki
63%
u-20 japan right wingerTeru Kitsunezato
63%

Score Distribution

Percentile by Number Answered

Percent of People with Each Score

Your Score History

You have not taken this quiz